Central Library OPAC University of Rajshahi
Normal view MARC view

Entry Personal Name

Number of records used in: 3

001 - CONTROL NUMBER

  • control field: 8284

003 - CONTROL NUMBER IDENTIFIER

  • control field: BD-RjUL

005 - DATE AND TIME OF LATEST TRANSACTION

  • control field: 20230810122825.0

008 - FIXED-LENGTH DATA ELEMENTS

  • fixed length control field: 230810|| aca||aabn | a|a d

040 ## - CATALOGING SOURCE

  • Original cataloging agency: BD-RjUL
  • Transcribing agency: BD-RjUL

100 ## - HEADING--PERSONAL NAME

  • Personal name: Dowson, John,
  • Dates associated with a name: 1820-1881

670 ## - SOURCE DATA FOUND

  • Source citation: Work cat.: (BD-RjUL)22262: Elliot, H. M. (Henry Miers), Sir, 1808-1853. 68727, The history of India : , 1875 [Reprint 1961]